TV Character Chain Quiz Stats

 Plays Quiz Updated Jul 1, 2017

Support Sporcle.
Go Orange.
Score 0/12 Timer 04:00
1 Play Today
Question Answer Wrong Answers
Which character was not a main character on The Golden Girls? Susan Mayer
89.7%
Blanche Devereaux
2.9%
Rose Nylund
2.5%
Dorothy Zbornak
3.7%
Which character was not a main character on Cheers? Carla Espinosa
80.8%
Sam Malone
2.4%
Carla Tortelli
10%
Norm Peterson
2.4%
Which character was not a main character on Full House? Tony Banta
80.4%
Jesse Katsopolis
5.2%
Joey Gladstone
5.5%
Stephanie Tanner
5.5%
Which character was not a main character on M*A*S*H? Arthur Tragg
78%
Margaret Houlihan
5.5%
Frank Burns
9.1%
Francis Mulcahy
6.6%
Which character was not a main character on Scrubs? B.J. Hunnicutt
74.5%
John 'J.D.' Dorian
3.1%
Bob Kelso
13.9%
Christopher Turk
4%
Which character was not a main character on Desperate Housewives? Thomas Sullivan Magnum IV
72.7%
Carlos Solis
8.5%
Lynette Scavo
6.4%
Mike Delfino
10.5%
Which character was not a main character on Magnum, P.I. Merrill Stubing
68%
Theodore 'TC' Calvin
7%
Jonathan Quayle Higgins III
7%
Orville Wilbur Richard 'Rick' Wright
15.1%
Which character was not a main character on Taxi? Arthur Dietrich
66.5%
Louie De Palma
6%
Elaine Nardo
14.8%
Latka Gravas
8.5%
Which character was not a main character on The Love Boat? Brian Tanner
63.9%
Adam Bricker
14.2%
Isaac Washington
11.6%
Julie McCoy
7%
Which character was not a main character on Barney Miller? Woody Boyd
63.6%
Stan 'Wojo' Wojciehowicz
13%
Ron Harris
8.5%
Carl Levitt
10.3%
Which character was not a main character on Perry Mason? Sophia Petrillo
60%
Della Street
10.2%
Hamilton Burger
19.8%
Paul Drake
8.6%
Which character was not a main character on ALF? Danny Tanner
51.7%
Willie Tanner
6.6%
Lynn Tanner
6.1%
Gordon Shumway
32.1%

You're not logged in!

Compare scores with friends on all Sporcle quizzes.
OR
Log In
Forgot?

From the Vault

'You're a Mean One, Mr. Grinch' Lyrics

by leppyfresh

Only play this quiz if you're prepared to sing in the voice of Thurl Ravenscroft.
Remove Ads.
Support Sporcle.
Get the best of Sporcle when you Go Orange. This ad-free experience offers more features, more stats, and more fun while also helping to support Sporcle. Thank you for becoming a member.

Show Comments

Extras

Top Quizzes Today


Score Distribution

Your Account Isn't Verified!

In order to create a playlist on Sporcle, you need to verify the email address you used during registration. Go to your Sporcle Settings to finish the process.

Report this User

Report this user for behavior that violates our Community Guidelines.

Details: